000 00375nam a2200145Ia 4500
008 230917s9999||||xx |||||||||||||| ||und||
040 _e123715
_aMAIN
041 _aEnglish
082 _a641.57 B745C
100 _aBreeding, Carolyn
245 0 _aCost-effective recipes for 10 to 100
260 _aNew York
_bVan Nostrand Reinhold
_c1989
300 _a222 p.
942 _cBK
999 _c147459
_d147459